<?xml version="1.0" encoding="UTF-8"?>
<record
    xmlns:xsi="http://www.w3.org/2001/XMLSchema-instance"
    xsi:schemaLocation="http://www.loc.gov/MARC21/slim http://www.loc.gov/standards/marcxml/schema/MARC21slim.xsd"
    xmlns="http://www.loc.gov/MARC21/slim">

  <leader>01660cam a2200361 ia4500</leader>
  <controlfield tag="003">SA-RiAUC</controlfield>
  <controlfield tag="005">20250620140508.0</controlfield>
  <controlfield tag="008">250620s2005    su     g     f01010 ara c</controlfield>
  <datafield tag="020" ind1=" " ind2=" ">
    <subfield code="a">9960045463 (&#x645;&#x62C;&#x645;&#x648;&#x639;&#x629;)</subfield>
  </datafield>
  <datafield tag="020" ind1=" " ind2=" ">
    <subfield code="a">9960045471 (&#x62C;. 1)</subfield>
  </datafield>
  <datafield tag="020" ind1=" " ind2=" ">
    <subfield code="a">996004548X (&#x62C;. 2)</subfield>
  </datafield>
  <datafield tag="040" ind1=" " ind2=" ">
    <subfield code="a">SA-RiKSU</subfield>
    <subfield code="b">ara</subfield>
    <subfield code="c">SA-RiAUC</subfield>
    <subfield code="e">rda</subfield>
  </datafield>
  <datafield tag="050" ind1=" " ind2="4">
    <subfield code="b">.A47 2005</subfield>
  </datafield>
  <datafield tag="082" ind1="0" ind2="4">
    <subfield code="a">257.4</subfield>
    <subfield code="q">SA-RiAUC</subfield>
  </datafield>
  <datafield tag="090" ind1=" " ind2=" ">
    <subfield code="a">257.4  </subfield>
    <subfield code="b">  &#x627; &#x644; &#x633;</subfield>
  </datafield>
  <datafield tag="100" ind1="1" ind2=" ">
    <subfield code="a">&#x622;&#x644; &#x633;&#x639;&#x648;&#x62F;&#x60C; &#x639;&#x628;&#x62F; &#x627;&#x644;&#x639;&#x632;&#x64A;&#x632; &#x628;&#x646; &#x633;&#x637;&#x627;&#x645; &#x628;&#x646; &#x639;&#x628;&#x62F; &#x627;&#x644;&#x639;&#x632;&#x64A;&#x632;</subfield>
    <subfield code="e">&#x645;&#x624;&#x644;&#x641;.</subfield>
  </datafield>
  <datafield tag="245" ind1="1" ind2="0">
    <subfield code="a">&#x627;&#x62A;&#x62E;&#x627;&#x630; &#x627;&#x644;&#x642;&#x631;&#x627;&#x631; &#x628;&#x627;&#x644;&#x645;&#x635;&#x644;&#x62D;&#x629; /</subfield>
    <subfield code="c">&#x625;&#x639;&#x62F;&#x627;&#x62F; &#x639;&#x628;&#x62F; &#x627;&#x644;&#x639;&#x632;&#x64A;&#x632; &#x628;&#x646; &#x633;&#x637;&#x627;&#x645; &#x628;&#x646; &#x639;&#x628;&#x62F; &#x627;&#x644;&#x639;&#x632;&#x64A;&#x632; &#x622;&#x644; &#x633;&#x639;&#x648;&#x62F;.</subfield>
  </datafield>
  <datafield tag="250" ind1=" " ind2=" ">
    <subfield code="a">&#x627;&#x644;&#x637;&#x628;&#x639;&#x629; &#x627;&#x644;&#x623;&#x648;&#x644;&#x649;.</subfield>
  </datafield>
  <datafield tag="264" ind1=" " ind2="1">
    <subfield code="a">&#x627;&#x644;&#x631;&#x64A;&#x627;&#x636; :</subfield>
    <subfield code="b">&#x62C;&#x627;&#x645;&#x639;&#x629; &#x627;&#x644;&#x625;&#x645;&#x627;&#x645; &#x645;&#x62D;&#x645;&#x62F; &#x628;&#x646; &#x633;&#x639;&#x648;&#x62F; &#x627;&#x644;&#x625;&#x633;&#x644;&#x627;&#x645;&#x64A;&#x629;&#x60C; &#x639;&#x645;&#x627;&#x62F;&#x629; &#x627;&#x644;&#x628;&#x62D;&#x62B; &#x627;&#x644;&#x639;&#x644;&#x645;&#x64A;&#x60C;</subfield>
    <subfield code="c">2005</subfield>
  </datafield>
  <datafield tag="300" ind1=" " ind2=" ">
    <subfield code="a">2 &#x645;&#x62C;&#x644;&#x62F; &#x61B;</subfield>
    <subfield code="c">24 &#x633;&#x645;.</subfield>
  </datafield>
  <datafield tag="336" ind1=" " ind2=" ">
    <subfield code="a">&#x646;&#x635;</subfield>
    <subfield code="b">txt</subfield>
    <subfield code="2">rdacontent</subfield>
    <subfield code="3">&#x643;&#x62A;&#x627;&#x628;</subfield>
  </datafield>
  <datafield tag="337" ind1=" " ind2=" ">
    <subfield code="a">&#x628;&#x62F;&#x648;&#x646; &#x648;&#x633;&#x64A;&#x637;</subfield>
    <subfield code="b">n</subfield>
    <subfield code="2">rdamedia</subfield>
  </datafield>
  <datafield tag="338" ind1=" " ind2=" ">
    <subfield code="a">&#x645;&#x62C;&#x644;&#x62F;</subfield>
    <subfield code="b">nc</subfield>
    <subfield code="2">rdacarrier</subfield>
  </datafield>
  <datafield tag="490" ind1="0" ind2=" ">
    <subfield code="a">&#x633;&#x644;&#x633;&#x644;&#x629; &#x645;&#x634;&#x631;&#x648;&#x639; &#x648;&#x632;&#x627;&#x631;&#x629; &#x627;&#x644;&#x62A;&#x639;&#x644;&#x64A;&#x645; &#x627;&#x644;&#x639;&#x627;&#x644;&#x64A; &#x644;&#x646;&#x634;&#x631; &#x623;&#x644;&#x641; &#x631;&#x633;&#x627;&#x644;&#x629; &#x639;&#x644;&#x645;&#x64A;&#x629; &#x61B;</subfield>
    <subfield code="v">58</subfield>
  </datafield>
  <datafield tag="500" ind1=" " ind2=" ">
    <subfield code="a">&#x635;&#x62F;&#x631;&#x62A; &#x628;&#x645;&#x646;&#x627;&#x633;&#x628;&#x629; &#x627;&#x644;&#x627;&#x62D;&#x62A;&#x641;&#x627;&#x644; &#x628;&#x645;&#x631;&#x648;&#x631; &#x645;&#x627;&#x626;&#x629; &#x639;&#x627;&#x645; &#x639;&#x644;&#x649; &#x62A;&#x623;&#x633;&#x64A;&#x633; &#x627;&#x644;&#x645;&#x645;&#x644;&#x643;&#x629; &#x627;&#x644;&#x639;&#x631;&#x628;&#x64A;&#x629; &#x627;&#x644;&#x633;&#x639;&#x648;&#x62F;&#x64A;&#x629;.</subfield>
  </datafield>
  <datafield tag="590" ind1=" " ind2=" ">
    <subfield code="a">&#x64A;&#x62A;&#x648;&#x627;&#x641;&#x631; &#x628;&#x627;&#x644;&#x645;&#x643;&#x62A;&#x628;&#x629; : &#x645;&#x62C;. 1&#x60C; 2.</subfield>
  </datafield>
  <datafield tag="650" ind1=" " ind2="7">
    <subfield code="a">&#x627;&#x644;&#x646;&#x638;&#x627;&#x645; &#x627;&#x644;&#x625;&#x62F;&#x627;&#x631;&#x64A; &#x641;&#x64A; &#x627;&#x644;&#x625;&#x633;&#x644;&#x627;&#x645;</subfield>
    <subfield code="2">aucsh</subfield>
  </datafield>
  <datafield tag="650" ind1=" " ind2="7">
    <subfield code="a">&#x627;&#x62A;&#x62E;&#x627;&#x630; &#x627;&#x644;&#x642;&#x631;&#x627;&#x631;&#x627;&#x62A;</subfield>
    <subfield code="2">aucsh</subfield>
  </datafield>
  <datafield tag="650" ind1=" " ind2="7">
    <subfield code="a">&#x627;&#x644;&#x625;&#x633;&#x644;&#x627;&#x645; &#x648;&#x627;&#x644;&#x625;&#x62F;&#x627;&#x631;&#x629;</subfield>
    <subfield code="2">aucsh</subfield>
  </datafield>
  <datafield tag="856" ind1="4" ind2=" ">
    <subfield code="u">http://10.0.0.80:222/0297.pdf</subfield>
  </datafield>
  <datafield tag="942" ind1=" " ind2=" ">
    <subfield code="2">ddc</subfield>
    <subfield code="c">BOOK</subfield>
    <subfield code="n">0</subfield>
  </datafield>
  <datafield tag="949" ind1=" " ind2=" ">
    <subfield code="a">SA-JeALM</subfield>
    <subfield code="d">250620</subfield>
    <subfield code="u">eid123</subfield>
    <subfield code="n">1</subfield>
  </datafield>
  <datafield tag="952" ind1=" " ind2=" ">
    <subfield code="0">0</subfield>
    <subfield code="1">0</subfield>
    <subfield code="2">ddc</subfield>
    <subfield code="3">&#x627;&#x644;&#x62C;&#x632;&#x621; &#x627;&#x644;&#x627;&#x648;&#x644;</subfield>
    <subfield code="4">0</subfield>
    <subfield code="7">0</subfield>
    <subfield code="a">WAHAB</subfield>
    <subfield code="b">WAHAB</subfield>
    <subfield code="d">2025-06-20</subfield>
    <subfield code="l">0</subfield>
    <subfield code="o">257.4  &#x627; &#x644; &#x633;</subfield>
    <subfield code="p">000014695</subfield>
    <subfield code="r">2025-06-20 14:05:54</subfield>
    <subfield code="w">2025-06-20</subfield>
    <subfield code="y">BOOK</subfield>
  </datafield>
  <datafield tag="952" ind1=" " ind2=" ">
    <subfield code="0">0</subfield>
    <subfield code="1">0</subfield>
    <subfield code="2">ddc</subfield>
    <subfield code="3">&#x627;&#x644;&#x62C;&#x632;&#x621; &#x627;&#x644;&#x62B;&#x627;&#x646;&#x64A;</subfield>
    <subfield code="4">0</subfield>
    <subfield code="7">0</subfield>
    <subfield code="a">WAHAB</subfield>
    <subfield code="b">WAHAB</subfield>
    <subfield code="d">2025-06-20</subfield>
    <subfield code="l">0</subfield>
    <subfield code="o">257.4  &#x627; &#x644; &#x633;</subfield>
    <subfield code="p">000014696</subfield>
    <subfield code="r">2025-06-20 14:05:54</subfield>
    <subfield code="w">2025-06-20</subfield>
    <subfield code="y">BOOK</subfield>
  </datafield>
  <datafield tag="999" ind1=" " ind2=" ">
    <subfield code="c">9086</subfield>
    <subfield code="d">9086</subfield>
  </datafield>
</record>
